In quest of meaning : a study of the ancient Egyptian rites of consecrating the Meret-chests and driving the calves /

Saved in:

Main Author: Egberts, A. (Author)

Format: Book

Language: English

Published: Leiden : Nederlands Instituut voor het Nabije Oosten, 1995.

Series: Egyptologische uitgaven ; 8.
EgUit ; 8.

Subjects:

Tags: Add Tag

No Tags, Be the first to tag this record!

Call Number: DT57 .U35 v.8/1-2

LEADER 01013namaa2200301 4500
001 13374
003 OSt
005 20260422134306.0
008 130303s1995 ne a b 001 0 eng d
020 |a 9062582087 
040 |c ARCE Library 
043 |a f-ua---  
050 4 |a DT57 .U35 v.8/1-2 
100 1 |a Egberts, A.,  |e author 
245 1 0 |a In quest of meaning :  |b a study of the ancient Egyptian rites of consecrating the Meret-chests and driving the calves /  |c by A. Egberts. 
264 1 |a Leiden :   |b Nederlands Instituut voor het Nabije Oosten,   |c 1995.  
300 |a 2 volumes :  |b illustrations ;  |c 27 cm. 
490 1 |a Egyptologische uitgaven ;   |v 8. 
490 1 |a EgUit ;   |v 8. 
504 |a Includes bibliographical references and indexes.  
650 0 |a Rites and ceremonies  |z Egypt. 
650 0 |a Egyptians  |x Rites and ceremonies.  
651 0 |a Egypt  |x Religion  |x Rituals.  
830 0 |a Egyptologische uitgaven ;   |v 8. 
830 0 |a EgUit ;   |v 8. 
901 |a reviewed 
942 |c BK  |2 lcc 
999 |c 13272  |d 13272